000 00496nam a2200193Ia 4500
005 20250923150148.0
008 008 250917s9999 xx 000 0 eng d
037 _aTextual
040 _aDSWL
_beng
_cDSWL
041 _aeng
_2eng
084 _qDSWL
245 0 _aReadings in environmental ethics
_cEd.by D.C. Srivastava
260 _aJaipur
_bRawat India
_c2005
300 _a316p.
365 _aINR
_b650 .0
925 _g650 .0
942 _cTEXL
999 _c1460275
_d1460275